000
00480nam a2200157Ia 4500
008
090711s9999 xx 000 0 und d
082
_b
63643
100
_a
काकोडकर Sांद्रकांत
245
_a
अभिमान
260
_c
1989
600
_a
काकोडकर Sांद्रकांत
630
_a
अभिमान
700
_a
काकोडकर Sांद्रकांत
730
_a
अभिमान
942
_c
BOOK
999
_c
326851
_d
326851